000
00228nam a22001097a 4500
082
_a
371.77 STE'L
100
_a
STEWART, ROY
_9
60249
245
_a
LIVING SAFELY
260
_a
MINN
_b
BURGESS
_c
1957
300
_a
101P
942
_c
BK
999
_c
570030
_d
570030